=LDR 00000nam 2200000 4500 =001 INLIS000000000030947 =005 20130612133042 =008 ***********************************ind** =035 ##$$0010-061300000030947 =041 ##$$a ind =082 ##$$a 028.5 =090 ##$$a 028.5, Mua b =100 ##$$a Muakhir, Ali =245 ##$$a Bayi yang bisa bicara, oleh Ali Muakhir ; penerjemah, Harisa Permatasari ; editor, Imran Laha =260 ##$$a (s.a) $b Jakarta =300 ##$$a 23 hlm, ilus, 16 cm =650 ##$$a Bacaan Anak-anak =850 ##$$a NBPNMAT =990 ##$$a 10041004 =990 ##$$a 20901673 =990 ##$$a 12471247 =990 ##$$a 20901674 =990 ##$$a 20901673 =990 ##$$a 08140814 =990 ##$$a 20901680 =990 ##$$a 20901673 =990 ##$$a 20901674 =990 ##$$a 13141314 =990 ##$$a 20901678 =990 ##$$a 20901673 =990 ##$$a 20901674 =990 ##$$a 20901680